| 000 | 004820000a22001930004500 | ||
|---|---|---|---|
| 003 | LK-CoMWRAF | ||
| 005 | 20231029213001.0 | ||
| 008 | 230817t ||||| |||| 00| 0 eng d | ||
| 020 | _a0894108042 | ||
| 040 |
_aLK-CoMWRAF _dLK-CoMWRAF _eLK-CoMWRAF |
||
| 041 | _aeng | ||
| 082 |
_a823 _bBEN |
||
| 100 | _aBen-Ner, Yitzhak | ||
| 245 | _aRustic sunset and other stories | ||
| 260 |
_aU.S.A. : _bLynne rienner publishers, _c1998 |
||
| 300 | _a183p | ||
| 650 | _aStory | ||
| 942 | _cBK | ||
| 999 |
_c1834 _d1834 |
||